000 01021nas a2200277 4500
001 BR8602652
003 BR-BrBNA
005 20231205090508.0
007 ta
008 230509b bl.|||p| |||| 00| 00por d
040 _aBR-BrBNA
_bpor
_cBiblioteca Nacional de Agricultura
041 _a(Pt)
072 _aP34; F61
100 1 _aHungria, M.
100 1 _aNeves, M.C.P.
100 1 _aVictoria, R.L.
245 1 _aAssimilacao do nitrogenio pelo feijoeiro, 2: absorcao e translocacao do N mineral e do N2 fixado [Phaseolus vulgaris]
_bParte de tese
246 1 _aNitrogen assimilation in beans, 2: absorption and translocation of mineral nitrogen and biologically fixed nitrogen
_bPart of thesis
650 _aFEIJAO
650 _aFERTILIZANTE NITROGENADO
650 _aABSORCAO
650 _aFIXACAO DE NITROGENIO
773 0 _tRevista Brasileira de Ciencia do Solo (Brazil)
_xISSN 0100-0683
_g(Sep-Dec 1985), v. 9(3) p. 201-209
_wBR8602652
909 _a202311
_bLúcia
_c55
_dLúcia Elande
942 _2AGRIS
_n0
_cANA
999 _c118831
_d118831